00475nam a2200157Ia 4500003000900000008004100009040001600050080002400066245007300090260003500163300001400198650004100212650001500253700002500268700002400293IN-BaIIA211028s9999 xx 000 0 eng d cIIA Library a550.3(047.1)bADV-9 0aAdvances in geophysicscedited by H. E. Landsberg and J. Van Meighem aNew YorkbAcademic Pressc1962 axi, 374p. aAstronomy and Astrophysics Thesaurus aGeophysics aLandsberg, H. E. ed. aVan Meighem J., ed.